<?xml version="1.0" encoding="UTF-8"?>
<record
    xmlns:xsi="http://www.w3.org/2001/XMLSchema-instance"
    xsi:schemaLocation="http://www.loc.gov/MARC21/slim http://www.loc.gov/standards/marcxml/schema/MARC21slim.xsd"
    xmlns="http://www.loc.gov/MARC21/slim">

  <leader>01294nam a22002897a 4500</leader>
  <controlfield tag="003">dpl</controlfield>
  <controlfield tag="005">20180905130612.0</controlfield>
  <controlfield tag="008">180905b        xxu||||| |||| 00| 0 eng d</controlfield>
  <datafield tag="010" ind1=" " ind2=" ">
    <subfield code="a">A-730742</subfield>
  </datafield>
  <datafield tag="020" ind1=" " ind2=" ">
    <subfield code="c">40.00</subfield>
    <subfield code="a">817201841</subfield>
  </datafield>
  <datafield tag="035" ind1=" " ind2=" ">
    <subfield code="a">A-730742, A-730754</subfield>
  </datafield>
  <datafield tag="037" ind1=" " ind2=" ">
    <subfield code="b">Cen Lib/Ret</subfield>
  </datafield>
  <datafield tag="040" ind1=" " ind2=" ">
    <subfield code="a">DPL</subfield>
    <subfield code="b">HN</subfield>
    <subfield code="c">0</subfield>
  </datafield>
  <datafield tag="082" ind1=" " ind2=" ">
    <subfield code="a">&#x909;</subfield>
    <subfield code="b">&#x92A;&#x93F;&#x932;&#x94D;&#x932;&#x948;&#x924;</subfield>
  </datafield>
  <datafield tag="100" ind1=" " ind2=" ">
    <subfield code="a">&#x92A;&#x93F;&#x932;&#x94D;&#x932;&#x948;, &#x924;&#x915;&#x937;&#x940; &#x936;&#x93F;&#x935;&#x936;&#x902;&#x915;&#x930; </subfield>
    <subfield code="9">65065</subfield>
  </datafield>
  <datafield tag="245" ind1=" " ind2=" ">
    <subfield code="a">&#x926;&#x94B; &#x938;&#x947;&#x930; &#x927;&#x93E;&#x928; /</subfield>
    <subfield code="c">&#x924;&#x915;&#x937;&#x940; &#x936;&#x93F;&#x935;&#x936;&#x902;&#x915;&#x930; &#x92A;&#x93F;&#x932;&#x94D;&#x932;&#x948;; &#x905;&#x928;&#x941;&#x935;&#x93E;&#x926;&#x915; &#x92D;&#x93E;&#x930;&#x924;&#x940; &#x935;&#x93F;&#x926;&#x94D;&#x92F;&#x93E;&#x930;&#x94D;&#x925;&#x940; </subfield>
  </datafield>
  <datafield tag="246" ind1=" " ind2=" ">
    <subfield code="a">Do ser dhan /</subfield>
    <subfield code="b">by Takazhi S. Pillai; anuvadak Bharti Vidyarthi</subfield>
  </datafield>
  <datafield tag="260" ind1=" " ind2=" ">
    <subfield code="a">&#x928;&#x92F;&#x940; &#x926;&#x93F;&#x932;&#x94D;&#x932;&#x940; </subfield>
    <subfield code="b">&#x938;&#x93E;&#x939;&#x93F;&#x924;&#x94D;&#x92F; &#x905;&#x915;&#x93E;&#x926;&#x947;&#x92E;&#x940; </subfield>
    <subfield code="c">1995</subfield>
  </datafield>
  <datafield tag="270" ind1=" " ind2=" ">
    <subfield code="a">&#x930;&#x935;&#x93F;&#x928;&#x94D;&#x926;&#x94D;&#x930; &#x92D;&#x935;&#x928;, 35, &#x92B;&#x93C;&#x93F;&#x930;&#x94B;&#x91C;&#x93C; &#x936;&#x93E;&#x939; &#x92E;&#x93E;&#x930;&#x94D;&#x917; </subfield>
    <subfield code="b">&#x928;&#x92F;&#x940; &#x926;&#x93F;&#x932;&#x94D;&#x932;&#x940; </subfield>
    <subfield code="e">110001</subfield>
  </datafield>
  <datafield tag="300" ind1=" " ind2=" ">
    <subfield code="a">119&#x92A;&#x943;.</subfield>
    <subfield code="c">21&#x938;&#x947;&#x92E;&#x940; (&#x938;&#x91C;&#x93F;&#x932;&#x94D;&#x926;)</subfield>
  </datafield>
  <datafield tag="650" ind1=" " ind2=" ">
    <subfield code="a">&#x92E;&#x932;&#x92F;&#x93E;&#x932;&#x92E; &#x938;&#x93E;&#x939;&#x93F;&#x924;&#x94D;&#x92F; </subfield>
    <subfield code="9">65066</subfield>
  </datafield>
  <datafield tag="650" ind1=" " ind2=" ">
    <subfield code="a">&#x909;&#x92A;&#x928;&#x94D;&#x92F;&#x93E;&#x938; </subfield>
    <subfield code="9">65067</subfield>
  </datafield>
  <datafield tag="650" ind1=" " ind2=" ">
    <subfield code="a">Malyalam literature</subfield>
    <subfield code="9">24277</subfield>
  </datafield>
  <datafield tag="650" ind1=" " ind2=" ">
    <subfield code="a">Fiction</subfield>
    <subfield code="9">8901</subfield>
  </datafield>
  <datafield tag="700" ind1=" " ind2=" ">
    <subfield code="a">&#x935;&#x93F;&#x926;&#x94D;&#x92F;&#x93E;&#x930;&#x94D;&#x925;&#x940;, &#x92D;&#x93E;&#x930;&#x924;&#x940; </subfield>
    <subfield code="9">65068</subfield>
  </datafield>
  <datafield tag="942" ind1=" " ind2=" ">
    <subfield code="2">ddc</subfield>
    <subfield code="c">HN</subfield>
    <subfield code="h">&#x909;</subfield>
    <subfield code="m">&#x92A;&#x93F;&#x932;&#x94D;&#x932;&#x948;&#x924;</subfield>
  </datafield>
  <datafield tag="999" ind1=" " ind2=" ">
    <subfield code="c">116149</subfield>
    <subfield code="d">116149</subfield>
  </datafield>
  <datafield tag="952" ind1=" " ind2=" ">
    <subfield code="0">0</subfield>
    <subfield code="1">0</subfield>
    <subfield code="4">0</subfield>
    <subfield code="7">0</subfield>
    <subfield code="a">L</subfield>
    <subfield code="b">L</subfield>
    <subfield code="d">2015-08-22</subfield>
    <subfield code="e">Cen Lib/Ret</subfield>
    <subfield code="g">40.00</subfield>
    <subfield code="l">1</subfield>
    <subfield code="m">2</subfield>
    <subfield code="o">&#x909; &#x92A;&#x93F;&#x932;&#x94D;&#x932;&#x948;&#x924;</subfield>
    <subfield code="p">A-730742</subfield>
    <subfield code="r">2017-12-19 00:00:00</subfield>
    <subfield code="s">2017-10-31</subfield>
    <subfield code="t">1</subfield>
    <subfield code="v">40.00</subfield>
    <subfield code="w">2015-08-22</subfield>
    <subfield code="y">HN</subfield>
  </datafield>
  <datafield tag="952" ind1=" " ind2=" ">
    <subfield code="0">0</subfield>
    <subfield code="1">0</subfield>
    <subfield code="2">ddc</subfield>
    <subfield code="4">0</subfield>
    <subfield code="7">0</subfield>
    <subfield code="8">FIC</subfield>
    <subfield code="a">BL4</subfield>
    <subfield code="b">BL4</subfield>
    <subfield code="d">2018-09-05</subfield>
    <subfield code="e">BPPD/PUB</subfield>
    <subfield code="g">40.00</subfield>
    <subfield code="l">1</subfield>
    <subfield code="o">&#x909; &#x92A;&#x93F;&#x932;&#x94D;&#x932;&#x948;&#x924;</subfield>
    <subfield code="p">A-730754</subfield>
    <subfield code="r">2020-08-26 00:00:00</subfield>
    <subfield code="s">2020-08-14</subfield>
    <subfield code="v">40.00</subfield>
    <subfield code="w">2018-09-05</subfield>
    <subfield code="y">HN</subfield>
  </datafield>
</record>
